[Event "Athens M/2"]
[Site "Athens"]
[Date "1994.??.??"]
[Round "?"]
[White "Cubrilovic, Nenad"]
[Black "Paidoussis, Aristidis"]
[Result "1/2-1/2"]
[WhiteElo "2240"]
[BlackElo "2185"]
[PlyCount "43"]
[EventDate "1994.??.??"]
[EventType "tourn"]
[EventRounds "10"]
[EventCountry "GRE"]
[SourceTitle "EXT 2003"]
[Source "ChessBase"]
[SourceDate "2002.11.25"]
[SourceVersion "1"]
[SourceVersionDate "2002.11.25"]
[SourceQuality "1"]

1. d4 Nf6 2. Nf3 b6 3. e3 Bb7 4. Bd3 e6 5. Nbd2 d5 6. 0-0 Nbd7 7. Qe2 Bd6 8. e4 dxe4 9. Nxe4 Nxe4 10. Bxe4 Bxe4 11. Qxe4 0-0 12. Qc6 Nf6 13. c4 Qd7 14. Qxd7 Nxd7 15. b3 h6 16. Bb2 Rfe8 17. Rfe1 a5 18. h3 c5 19. Red1 Rad8 20. Ne5 Nxe5 21. dxe5 Bc7 22. a4 1/2-1/2